Central Library OPAC University of Rajshahi

Bryozoans / (Record no. 12300)

MARC details
000 -LEADER
fixed length control field 00815nam a2200277 a 4500
001 - CONTROL NUMBER
control field 12300
003 - CONTROL NUMBER IDENTIFIER
rucl marc code BD-RjUL
005 - DATE AND TIME OF LATEST TRANSACTION
control field 20211208235253.0
008 - FIXED-LENGTH DATA ELEMENTS--GENERAL INFORMATION
fixed length control field 140128t1970 enk 001 0 eng d
020 ## - INTERNATIONAL STANDARD BOOK NUMBER
International Standard Book Number 0091038707
International Standard Book Number 0091038715 (pbk.)
035 ## - SYSTEM CONTROL NUMBER
System control number (BD-RjUL)12349
040 ## - CATALOGING SOURCE
Original cataloging agency DLC
Language of cataloging eng
Transcribing agency BD-RjUL
Modifying agency BD-RjUL
041 ## - LANGUAGE CODE
Language code of text/sound track or separate title eng
082 04 - DEWEY DECIMAL CLASSIFICATION NUMBER
Edition number 16
Classification number 594.7
Author mark and year RYB 1970
100 1# - MAIN ENTRY--PERSONAL NAME
Personal name Ryland, J. S.
Fuller form of name (John Stanley)
9 (RLIN) 38207
245 10 - TITLE STATEMENT
Title Bryozoans /
Statement of responsibility, etc. J.S. Ryland.
260 ## - PUBLICATION, DISTRIBUTION, ETC. (IMPRINT)
Place of publication, distribution, etc. London :
Name of publisher, distributor, etc. Hutchinson University Library,
Date of publication, distribution, etc. 1970.
300 ## - PHYSICAL DESCRIPTION
Pagination 175 p. :
Illustrations ill. ;
Size 22 cm.
490 1# - SERIES STATEMENT
Series statement Hutchinson university library. Biological sciences
504 ## - BIBLIOGRAPHY, ETC. NOTE
Bibliography, etc Includes index.
650 #0 - SUBJECT ADDED ENTRY--TOPICAL TERM
Topical term or geographic name as entry element Bryozoa.
9 (RLIN) 38208
Topical term or geographic name as entry element Bryozoa, Fossil.
9 (RLIN) 38209
830 #0 - SERIES ADDED ENTRY--UNIFORM TITLE
Uniform title Hutchinson university library.
942 ## - ADDED ENTRY ELEMENTS (KOHA)
Source of classification or shelving scheme Dewey Decimal Classification
Koha item type Books
Holdings
Lost status Source of classification or shelving scheme Damaged status Not for loan Collection code Permanent Location Current Location Shelving location Date acquired Source of acquisition Cost, normal purchase price Total Checkouts Full call number Date last seen Copy number Koha item type
  Dewey Decimal Classification   Not For Loan Non-fiction Central Library, University of Rajshahi Central Library, University of Rajshahi Reading Room 21/08/1973 ship invoice 14.00   594.7 RYB 1970 28/01/2014 C-1 Books